[Event "Leiden Chess Tournament"]
[Site "Leiden"]
[Date "2017.07.16"]
[Round "3"]
[White "Pruijssers, Roeland"]
[Black "Stubberud, Ornulf"]
[Result "1-0"]
[WhiteElo "2508"]
[BlackElo "2248"]
[Annotator "TA"]
[PlyCount "151"]
[EventDate "2017.??.??"]
[EventCountry "NED"]
[SourceTitle "playchess.com"]
[Source "ChessBase"]
[SourceQuality "1"]

{[%evp 14,151,26,10,13,6,11,0,25,0,58,7,27,25,32,16,29,15,24,23,63,63,81,91,79,69,97,91,122,102,122,134,129,120,253,243,251,260,294,297,266,302,373,380,378,364,375,352,342,343,343,344,319,298,379,366,354,330,952,946,29985,539,534,522,513,-218,101,-12,-12,-10,-8,-8,-8,-8,0,-6,-7,-17,-14,-22,-14,-26,0,0,373,373,373,373,373,373,373,373,373,373,373,373,373,372,372,372,372,372,2112,1680,29961,29969,29972,29976,29972,29977,29972,29946,29949,1073,29966,29965,29965,29966,29972,29969,29966,29967,29968,29965,6026,5093,29971,29968,29960,446,446,446,29973,29970,29972,29970,29969,29966,29985,29975]} 1. e4 c5 2. Nf3 e6 3. b3 b6 4. Bd3 Bb7 5. O-O d6 (5... Nf6 6. e5 Nd5 7. Be4 Qc7 8. Re1 Be7 9. Bb2 b5 10. Na3 a6 11. c4 bxc4 12. Nxc4 {0-1 (41) Kasparov,G (2812)-So,W (2773) Saint Louis 2016}) 6. Bb2 {B40: Sicilian: 2...e6, Unusual lines} Nd7 7. Re1 Ngf6 8. c3 {LiveBook: 3 Games. White has an edge.} Be7 9. Bc2 O-O 10. d4 cxd4 11. cxd4 Rc8 (11... d5 $11) 12. Nbd2 $146 (12. Nc3 $14) 12... Qc7 13. Bd3 Qb8 14. Qe2 Rfe8 15. a3 Nh5 16. Qe3 e5 17. Bb5 Bc6 18. a4 g6 19. Nc4 {[%cal Rd4e5]} f6 20. Rad1 Nf8 21. g4 $36 {[%mdl 2048] White is really pushing.} Ng7 22. g5 Bxb5 23. axb5 exd4 (23... Rcd8 $16 {is a better defense.}) 24. Nxd4 $18 (24. Bxd4 fxg5 25. Bxg7 (25. Nxg5 Nfe6 $16) 25... Kxg7 $16) 24... fxg5 25. Nc6 Qc7 26. Qc3 {[%csl Gb2][%cal Rc3g7]} Nfe6 27. Ne3 {aiming for Nd5.} Qb7 28. Nd5 Kh8 29. Qh3 Bd8 30. Nxd8 Rcxd8 31. Nf6 {[%csl Gf6][%cal Rh3h7]} h5 32. Nxe8 Rxe8 33. Rxd6 g4 34. Qe3 Kh7 35. Red1 Nc5 $2 (35... Qf7 36. b4 Re7) 36. b4 Nf5 37. Qg5 (37. exf5 $142 Rxe3 38. fxg6+ Kh6 39. Bc1 (39. fxe3 Qe4 $14) 39... Na4 40. Bxe3+ Kg7 41. Bd4+ Kh6 42. g7+ Kh7 43. Rh6+ $1 {[%mdl 512]} Kg8 44. Rh8+ Kf7 45. g8=Q+ Ke7 46. Qe8+ Kd6 47. Be5#) 37... Nxd6 38. Rxd6 {[%csl Gd6][%cal Rg5g6]} Qxe4 39. Rd1 $4 {[%mdl 8192]} ({Weaker is} 39. bxc5 Qe1+ 40. Kg2 Qe4+ 41. Kg1 Qe1+ 42. Kg2 Qe4+ 43. Kg1 $11) (39. Qf6 $18 {[%csl Gb2][%cal Rf6g7] was the only winning move.} Qe1+ 40. Kg2 Qe4+ 41. Kg3 Qf3+ 42. Qxf3 Ne4+ 43. Qxe4 Rxe4 44. Rd7+ Kg8 45. Bc3) 39... Qe2 $2 {[#]} (39... Qxb4 40. Qf6 $16) (39... Nd3 $19 40. Qf6 Nxb2 41. Qxb2 Re7) 40. Qd5 ({White has to play} 40. Qc1 $1 $16 Na4 41. Rd7+ Re7 42. Rxe7+ Qxe7 43. Bd4) 40... Rf8 $11 41. Qd2 $1 {[%cal Rd2e2]} Rxf2 $1 42. Qxe2 Rxe2 43. bxc5 Rxb2 {[%mdl 4096] Endgame KR-KR} 44. c6 Rc2 ({Don't blunder} 44... Rxb5 $2 45. Rc1 $18) 45. Rd7+ Kh6 46. Rxa7 Rc5 47. Ra8 Rc3 48. Rb8 Kg5 $2 {[%mdl 8192]} (48... h4 $11 {and Black has nothing to worry.}) 49. Rxb6 $18 Kh4 {...Kh3 is the strong threat.} 50. Ra6 {Black must now prevent Ra1.} Rc1+ 51. Kf2 Kh3 52. Ra2 h4 53. Ke3 g3 54. hxg3 hxg3 55. Kd4 g2 {[#]} 56. Rxg2 $3 {[%mdl 512]} Kxg2 {KR-KPP} 57. Kd5 g5 $2 (57... Rb1 58. c7 Rxb5+ 59. Kd4 Rb4+ 60. Kd3 Rf4) 58. b6 {[%cal Bb5b6,Bb6b7][%mdl 32]} g4 {[#]} 59. b7 $1 {[%cal Rb7b8]} Rb1 60. c7 Rxb7 61. c8=Q {KQ-KR} Rb5+ 62. Ke6 Kh3 63. Qh8+ Kg3 64. Qd4 Kh4 65. Kf6 Rb3 66. Kg6 Rf3 67. Qe4 Rf2 68. Qh1+ Kg3 69. Kg5 Rg2 70. Qe1+ Kf3 71. Qc3+ (71. Qf1+ $142 Kg3 72. Qe1+ Kf3 73. Kf5 Re2 74. Qc3+ Re3 75. Qc4 Kf2 76. Kxg4) 71... Kf2 72. Kf4 Kg1 (72... Rg1 $18 73. Qe3+ Kf1 74. Qc1+ Kg2 75. Qb2+ Kf1) 73. Qe1+ {White mates.} Kh2 74. Qh4+ Kg1 75. Ke3 g3 76. Kf3 {Precision: White = 68%, Black = 41%.} 1-0

[Event "Leiden Chess Tournament"]
[Site "Leiden"]
[Date "2017.07.16"]
[Round "3"]
[White "Pijpers, Arthur"]
[Black "Tomov, Georgi"]
[Result "1/2-1/2"]
[WhiteElo "2457"]
[BlackElo "2273"]
[Annotator "TA"]
[PlyCount "64"]
[EventDate "2017.??.??"]
[EventCountry "NED"]
[SourceTitle "playchess.com"]
[Source "ChessBase"]
[SourceQuality "1"]

1. e4 {Program Activation Required} c6 2. d4 d5 3. e5 c5 4. dxc5 e6 5. Be3 Nh6 6. Nf3 {B12: Caro-Kann: Advance Variation} Nc6 (6... Nf5 7. Bg5 Qc7 8. Bd3 h6 9. Bc1 Bxc5 10. Nc3 O-O 11. Bxf5 exf5 12. Nxd5 Qd8 13. b4 Be6 {½-½ (51) Vallejo Pons,F (2697)-Khenkin,I (2669) Don Benito 2012}) 7. Bxh6 gxh6 8. Bb5 Qa5+ 9. Nc3 Bg7 $146 ({NOTEXT:} 9... Bxc5 10. O-O Bd7 11. a3 Qc7 12. Bxc6 Bxc6 13. Ne2 d4 14. Nexd4 {0-1 (25) Couso,L (2294)-Kotronias,V (2587) Stockholm 2006}) 10. Qd4 O-O 11. Bxc6 bxc6 12. O-O f6 13. Rfe1 Rb8 14. a3 fxe5 15. Nxe5 Rxb2 16. Re2 Ba6 17. Rd2 Rf5 18. f4 Rb7 19. Qe3 Rbf7 20. Nxf7 Rxf7 21. Rb1 Qxc3 22. Rb8+ Rf8 23. Qxe6+ Kh8 24. Rxf8+ Bxf8 25. Rd1 Qxc5+ 26. Kh1 Qe7 27. Qxc6 Bb7 28. Qc3+ Qg7 29. Qxg7+ Kxg7 30. c4 Bxa3 31. cxd5 Kf7 32. Rb1 Bxd5 1/2-1/2

[Event "Leiden Chess Tournament"]
[Site "Leiden"]
[Date "2017.07.16"]
[Round "3"]
[White "Perske, Thore"]
[Black "Ikonnikov, Vyacheslav"]
[Result "1/2-1/2"]
[WhiteElo "2413"]
[BlackElo "2538"]
[Annotator "TA"]
[PlyCount "67"]
[EventDate "2017.??.??"]
[EventCountry "NED"]
[SourceTitle "playchess.com"]
[Source "ChessBase"]
[SourceQuality "1"]

{[%evp 20,67,23,5,4,7,8,15,25,17,26,12,18,0,0,0,0,0,17,-5,-5,-9,0,0,14,14,14,14,12,0,0,0,0,-6,0,0,0,0,0,0,0,0,0,0,5,5,5,0,0,0]} 1. e4 c5 2. Nf3 Nc6 3. Nc3 e5 4. Bc4 Be7 5. d3 d6 6. Nd2 Bg5 7. Nf1 Bxc1 {B30: Sicilian: 2...Nc6 3 Bb5, lines without ...g6} 8. Rxc1 Nge7 9. Ne3 O-O 10. O-O Be6 (10... Ng6 11. Ncd5 Be6 12. c3 Na5 13. Nf5 Kh8 14. g3 Qd7 15. Nde3 {1-0 (96) Vachier Lagrave,M (2722)-Carlsen,M (2821) Biel 2011}) 11. Ncd5 {LiveBook: 4 Games} Rb8 $146 ({Predecessor:} 11... Bxd5 12. Nxd5 Rb8 13. a3 b5 14. Ba2 Nxd5 15. Bxd5 {1-0 (38) Bacrot,E (2695)-Ansell,S (2349) chess.com INT 2017}) 12. a4 a6 13. c3 Kh8 14. Nxe7 Qxe7 15. Bd5 Qd7 {The position is equal.} 16. Bxe6 fxe6 17. Nc2 d5 18. b4 cxb4 19. cxb4 (19. Nxb4 {keeps more tension.} Rbc8 20. Qg4 Qd6 21. Nxc6 Rxc6 22. exd5 exd5 23. Qb4) 19... b5 20. axb5 Rxb5 21. Ra1 Nxb4 22. Nxb4 Rxb4 23. Rxa6 h6 24. Qa1 dxe4 25. dxe4 Rxe4 26. Ra8 Re8 27. h3 Rd4 28. Re1 Rd8 29. Qa5 Rd5 30. Rxd8+ Qxd8 31. Qxd8+ Rxd8 32. Rxe5 Rd6 33. g3 Kg8 34. Kg2 {Precision: White = 51%, Black = 68%.} 1/2-1/2

[Event "Leiden Chess Tournament"]
[Site "Leiden"]
[Date "2017.07.16"]
[Round "3"]
[White "De Rover, Yong Hoon"]
[Black "Nijboer, Friso"]
[Result "0-1"]
[WhiteElo "2385"]
[BlackElo "2528"]
[Annotator "TA"]
[PlyCount "184"]
[EventDate "2017.??.??"]
[EventCountry "NED"]
[SourceTitle "playchess.com"]
[Source "ChessBase"]
[SourceQuality "1"]

{[%evp 27,184,0,0,-60,-62,-50,-55,-57,-65,-83,-41,-48,-45,-58,-51,-51,-52,-58,-62,-81,-60,-72,-54,-64,-69,-54,-66,-49,-38,-41,-36,-27,-27,-27,-29,-39,-43,-39,-41,-45,-45,-100,-99,-180,-98,-114,-95,-135,-77,-79,-80,-110,-74,-83,-67,-65,-53,-75,-68,-67,-43,-218,-118,-158,-158,-168,-168,-189,-183,-182,-183,-190,-183,-183,-158,-158,-158,-158,-158,-158,-158,-158,-132,-158,-145,-158,-147,-158,-155,-275,-158,-512,-153,-153,-127,-127,-127,-127,-76,-80,0,0,0,-8,-8,-8,-8,-25,-8,-286,-74,-74,-74,-75,-74,-74,-12,-343,-76,-76,-74,-74,-74,-74,-74,-72,-72,-72,-68,-68,-68,-68,-68,-68,-68,-68,-68,-68,-54,-51,-52,-57,-30,-20,0,-73,-73,-73,-73,-73,-73,-79,-79,-29985,-29986,-29986,-29970,-29967,-29971]} 1. e4 c5 2. Nf3 d6 3. Bb5+ Bd7 4. Bxd7+ Qxd7 5. c4 Nc6 6. O-O Nf6 7. Nc3 g6 8. d4 cxd4 9. Nxd4 Bg7 10. Nde2 a6 {B52: Sicilian: Moscow Variation with 3...Bd7} (10... Qe6 11. Nd5 Qxe4 12. Nc7+ Kd7 13. Nxa8 Qxc4 14. Nc3 Rxa8 15. Bg5 Rc8 16. Rc1 Qg4 17. Qd2 Qd4 18. Qe2 Qg4 19. Qb5 Qb4 20. Qd3 Qd4 21. Qe2 Qg4 22. Qd2 Qd4 {½-½ (22) Rublevsky,S (2698)-Rodshtein,M (2654) Sochi 2015}) 11. f3 Ne5 12. b3 b5 13. cxb5 axb5 14. Be3 O-O {LiveBook: 7 Games} 15. Qd2 (15. Rc1 $11) 15... b4 $15 16. Na4 {[#]} Nc4 $1 {[%cal Rc4d2][%mdl 512]} 17. Qc1 $146 (17. bxc4 Qxa4) ({Predecessor:} 17. Qd3 Nxe3 18. Qxe3 Qb7 19. Rac1 Nd7 {1-0 (43) Rahal,M (2395)-Gual Pascual,A (2430) Paretana 1999}) 17... Rfc8 18. Bd4 e5 19. Bf2 Qe8 20. Qd1 Bh6 21. Qd3 Rc6 22. Rfd1 Na3 23. g4 Nd7 24. h4 Nc5 25. Nxc5 dxc5 26. g5 Bf8 {Hoping for ...Rd6.} 27. Qd7 h6 28. Rac1 hxg5 29. hxg5 c4 30. Qxe8 Rxe8 31. bxc4 Be7 32. Be3 Nxc4 33. Rd7 Rcc8 34. Bf2 (34. Kf2 $15) 34... Bxg5 $17 35. Rb1 (35. Rc2 $17) 35... Be7 (35... Bd2 $1 $19 36. Bh4 Ra8) 36. Be1 Bf8 (36... Na3 {is more complex.} 37. Rc1 Nc2 38. Bd2 Rc4 39. Kg2 Kg7) 37. Rb7 Rb8 (37... Na3 $142 38. Rb2 Nc2) 38. Rxb8 Rxb8 39. Rc1 Nd6 40. Rc2 f5 41. exf5 Nxf5 42. Rc4 Kf7 43. f4 Rb5 44. Bd2 $2 (44. Re4 $15) 44... Bc5+ (44... Rc5 $1 $19 {[%cal Rc5c4]} 45. Rxc5 Bxc5+ 46. Kf1 e4) 45. Kg2 Nd6 $1 {[%cal Rd6c4]} 46. Rc2 e4 {[%cal Be5e4,Be4e3][%mdl 32]} 47. Ng3 Ke6 48. Kh3 Kd5 49. Be1 e3 50. Kg4 Ne4 51. Kf3 Nxg3 $1 52. Bxg3 {[%mdl 4096] Endgame KRB-KRB} Kd4 53. Be1 Ra5 54. Rb2 Kc4 55. Ke4 Ra8 56. Rc2+ Kb5 57. Bh4 Rh8 58. Bf6 (58. Bg5 $17 {is a better defense.}) 58... Re8+ (58... Rh7 $1 $19 59. Bb2 Bb6) 59. Be5 $2 {[#]} (59. Kf3 $17 {is more resistant.}) 59... g5 $1 {[%mdl 512]} 60. Kf3 (60. fxg5 Bd6) 60... gxf4 61. Bxf4 Bd4 62. Ke2 Ka4 (62... Rf8 $142 63. Bg3 Bc5) 63. Rc4 Bf6 ({Black should play} 63... Rd8 $17) 64. Bd6 $11 Bc3 65. Rc7 Bd2 66. Ra7+ Kb5 67. Bf4 Kc4 (67... Kb6 $5 {[%cal Rb6a7]} 68. Rc7 Rf8 $15) 68. Rd7 $2 {[%mdl 8192]} (68. Rc7+ $11 Kd5 69. Rb7) 68... Kc3 $2 (68... Ra8 $1 $19 69. Rc7+ Kd4) 69. Ra7 Kc2 70. Ra6 Re4 (70... Rf8 $5 {[%cal Rf8f4]} 71. Bxe3 Re8 72. Rc6+ Bc3 $11) 71. Bh6 Rh4 ({Better is} 71... Bc1 $17) 72. Rc6+ $2 {[%mdl 8192]} (72. Bxe3 $11 {and White stays safe.} Rh2+ 73. Bf2) 72... Kb2 $2 (72... Kb1 $1 $19 {has better winning chances.} 73. Kd3 Kxa2) 73. Ra6 $17 Bc1 74. Kd3 Rh2 75. Bxe3 Rh3 76. Kc4 Bxe3 77. Kxb4 {KRB-KR} Rh4+ 78. Kb5 Kc3 79. Ra3+ Kd2 80. Ra8 Rh5+ 81. Kc4 Rc5+ 82. Kb4 Bd4 83. a4 Kd3 84. a5 Rd5 85. Rc8 Be3 86. Ra8 (86. Rc3+ $11 Ke2 87. Ra3) 86... Bd2+ 87. Ka4 Bc3 88. Ra7 Rc5 89. Ra8 Kc4 {( -> ...Bb4)} 90. Ra7 $2 {[%mdl 8192] [#]} (90. Ra6 $17) 90... Bb4 $1 {Black mates.} 91. Ra8 Rh5 92. Rc8+ {[#]} Bc5 $1 {Precision: White = 46%, Black = 56%.} 0-1

[Event "Leiden Chess Tournament"]
[Site "Leiden"]
[Date "2017.07.16"]
[Round "3"]
[White "Van Delft, Merijn"]
[Black "Gavrilov, Alexei"]
[Result "1-0"]
[WhiteElo "2384"]
[BlackElo "2491"]
[Annotator "TA"]
[PlyCount "97"]
[EventDate "2017.??.??"]
[EventCountry "NED"]
[SourceTitle "playchess.com"]
[Source "ChessBase"]
[SourceQuality "1"]

{[%evp 25,97,12,27,4,13,23,14,0,61,61,35,29,50,12,0,0,20,14,71,47,46,49,116,108,95,51,74,26,52,36,47,0,15,10,23,31,24,16,37,0,559,570,1716,1721,1695,1044,29985,555,29991,684,681,679,626,550,533,506,546,533,610,608,613,587,628,606,668,658,660,654,718,721,760,759,777,777]} 1. e4 e6 2. d4 d5 3. Nd2 Be7 4. Ngf3 Nf6 5. e5 Nfd7 6. Bd3 c5 7. c3 Nc6 8. O-O a5 9. a4 {C06: French Tarrasch: 3...Nf6 4 e5 Nfd7 5 Bd3 main lines} (9. Re1 cxd4 10. cxd4 Qb6 11. a4 Nxd4 12. Nxd4 Qxd4 13. Nf3 Qb6 14. Be3 Nc5 15. Bb5+ Bd7 16. Nd4 Bxb5 17. Nxb5 O-O 18. Qg4 Rfc8 {0-1 (33) Naroditsky,D (2631)-So,W (2779) ICC INT 2015}) 9... cxd4 10. cxd4 Nb4 11. Bb1 b6 12. Re1 Ba6 13. Nf1 Rc8 {LiveBook: 12 Games} 14. Ra3 b5 15. axb5 Bxb5 16. h4 Nc6 (16... h6 $11) 17. Bg5 $146 h6 18. Bxe7 Qxe7 19. h5 Nb6 20. Ne3 Rb8 21. Qc1 Nc4 (21... Qb7 $11) 22. Nxc4 Bxc4 23. Rc3 {Threatens to win with b3!} Rb6 ({Black should try} 23... Qd7 $14) 24. b3 $16 Bb5 25. Rc5 {Hoping for Rxb5!} Kd7 26. Re3 {[%cal Be1e3,Be3c3,Bc3g3][%mdl 32]} Rc8 27. Rec3 Be2 {Black wants to play ...Bxf3.} 28. Nd2 Qg5 (28... Ba6 $5 {[%cal Rc6d4]}) 29. Rg3 $36 {[%mdl 2048] White has good play.} Qf4 $1 30. Rxg7 {[#] g3 is the strong threat.} Bxh5 31. Bd3 $1 {[%cal Rd3b5] Strongly threatening Bb5.} Qxd4 32. Bb5 Qxe5 $2 {[%mdl 8192] [#]} (32... Rxb5 $1 $11 33. Rxb5 Qxe5 34. Rb7+ Rc7 35. Rxc7+ Kxc7) 33. Nc4 $1 $18 {[%mdl 512]} Qxg7 (33... dxc4 34. Rxe5) 34. Nxb6+ Kd8 35. Nxc8 Nd4 36. Qf4 (36. Qa3 $142 Nxb5 37. Rxb5 f6 38. Rb8 Qc7 39. Qf8+ Be8 40. Qxf6+ Kd7 41. Qe7+ Kc6 42. Na7+ Qxa7 43. Qxa7) 36... e5 37. Qh4+ (37. Rxd5+ $142 Kc7 38. Qc1+ Kb8 39. Rd7 Qxg2+ 40. Kxg2 Bf3+ 41. Kh2 Bc6 42. Bxc6 Ne6 43. Nb6 Nd8 44. Qd2 Nxc6 45. Qd6#) 37... Qg5 {White is clearly winning.} 38. Qxg5+ hxg5 39. Ba4 Ne6 40. Rc1 d4 41. Nd6 d3 {If only Black now had time for ...d2....} 42. f3 g4 43. Kf2 Nf4 44. Ne4 f5 45. Nd2 g3+ 46. Kf1 Ke7 47. Rc5 Kf6 48. Rxa5 Bg6 49. Bc6 {Precision: White = 55%, Black = 37%.} 1-0

[Event "Leiden Chess Tournament"]
[Site "Leiden"]
[Date "2017.07.16"]
[Round "3"]
[White "Warmerdam, Max"]
[Black "Beerdsen, Thomas"]
[Result "1-0"]
[WhiteElo "2357"]
[BlackElo "2452"]
[Annotator "TA"]
[PlyCount "65"]
[EventDate "2017.??.??"]
[EventCountry "NED"]
[SourceTitle "playchess.com"]
[Source "ChessBase"]
[SourceQuality "1"]

1. d4 {Program Activation Required} Nf6 2. c4 e6 3. g3 c5 4. d5 b5 5. dxe6 fxe6 6. Bg2 {A60: Modern Benoni: Early Divergences} d5 7. cxd5 exd5 8. Nc3 Bb7 9. Bg5 Be7 10. Nh3 Na6 11. Nf4 Qa5 $146 ({NOTEXT:} 11... Nc7 12. O-O Ng8 13. Bxe7 Nxe7 {1-0 (22) Gleizerov,E (2553)-Ducarmon,Q (2436) Montcada 2013}) 12. O-O O-O-O 13. Qb3 Nc7 14. a4 c4 15. Qc2 b4 16. Nb5 Nxb5 17. axb5 Qxb5 18. Rxa7 Kb8 19. Rfa1 Bc5 20. R7a5 Bxf2+ 21. Kxf2 Qb6+ 22. Ke1 Ne4 23. Bxe4 Qg1+ 24. Kd2 dxe4+ 25. Nd3 Qd4 26. Bf4+ Kc8 27. Rc1 Bd5 28. Rxd5 c3+ 29. bxc3 Qxd5 30. cxb4+ Kd7 31. Qc7+ Ke8 32. Rc5 Qa2+ 33. Ke3 1-0

[Event "Leiden Chess Tournament"]
[Site "Leiden"]
[Date "2017.07.16"]
[Round "3"]
[White "Vreeburg, Jan"]
[Black "Vrolijk, Liam"]
[Result "0-1"]
[WhiteElo "1927"]
[BlackElo "2419"]
[Annotator "TA"]
[PlyCount "68"]
[EventDate "2017.??.??"]
[EventCountry "NED"]
[SourceTitle "playchess.com"]
[Source "ChessBase"]
[SourceQuality "1"]

{[%evp 19,68,0,0,-9,2,-26,-12,-17,-6,-23,-35,-63,-14,-11,-22,-14,6,0,0,0,-2,-30,-30,-19,-14,-17,-21,-17,-25,-33,-31,-26,0,0,0,0,0,-10,-8,-11,-11,-47,-10,-10,-12,-20,-23,-124,-125,-670,-659]} 1. d4 Nf6 2. c4 g6 3. Nf3 Bg7 4. Nc3 O-O 5. e4 d6 6. Be2 e5 7. dxe5 dxe5 8. Qxd8 Rxd8 9. Bg5 Re8 10. Rd1 Na6 11. Nd2 {E92: King's Indian: Classical: 6 Be2 e5: 7 dxe5, 7 Be3 and Petrosian System without 7...Nbd7} (11. Be3 c6 12. h3 Bf8 13. Nd2 Nc5 14. O-O a5 15. a3 a4 16. Rb1 Be6 17. Kh2 Nfd7 18. Rfc1 h5 {½-½ (57) Fodor,T (2502)-Smith,B (2444) Baia Sprie 2012}) 11... c6 12. O-O Nc5 13. Be3 {The position is equal.} Ne6 14. c5 Nd4 15. f3 Nd7 $146 ({Predecessor:} 15... Nxe2+ 16. Nxe2 Be6 17. b3 Red8 18. Nb1 Bf8 19. Nbc3 Nd7 {½-½ (42) Russu,E (2202)-Damian,P (1997) Baile Olanesti 2010}) 16. Nb3 {[%cal Rb3d4]} Nxe2+ 17. Nxe2 b6 18. Nc3 Bf8 19. cxb6 axb6 20. a3 Nf6 21. Rd2 (21. Bxb6 $2 Rb8 $17) 21... Be6 22. Nc1 Nd7 23. Nd3 f6 24. Rc1 Rec8 25. f4 Bc4 26. Nxe5 Nxe5 27. fxe5 fxe5 28. Rcd1 Bb3 29. Rf1 b5 30. Ne2 (30. Rd7 {with more complications.} Rd8 31. Rc7 Rd3 32. Bc1 Bc5+ 33. Kh1) 30... Rd8 31. Rxd8 Rxd8 32. Rc1 $1 Bc4 33. Nc3 (33. Kf2 $11 {keeps the balance.}) 33... Rd3 $17 34. Kf2 $2 {[%mdl 8192] [#]} (34. Re1 $17) 34... Rxe3 $1 {[%mdl 512] Precision: White = 35%, Black = 57%.} 0-1

[Event "Leiden Chess Tournament"]
[Site "Leiden"]
[Date "2017.07.16"]
[Round "3"]
[White "Van Brussel, Bert"]
[Black "Koelmans, Jan-Willem"]
[Result "1/2-1/2"]
[WhiteElo "1828"]
[BlackElo "1916"]
[Annotator "NA RC"]
[PlyCount "93"]
[EventDate "2017.??.??"]
[EventCountry "NED"]
[SourceTitle "playchess.com"]
[Source "ChessBase"]
[SourceQuality "1"]
[TimeControl "40/5400+30:1800+30"]

{[%evp 10,74,16,20,52,45,41,35,38,0,10,0,15,8,38,-41,-43,-43,-45,-42,-27,-111,-74,-98,-104,-93,-95,-93,-75,-91,-82,-78,-49,-137,32767,32767,32767,32767,32767,32767,32767,32767,32767,32767,32767,32767,-553,-529,-403,-416,-276,-300,-239,-278,-297,32767,32767,32767,32767,32767,32767,0,0,0,-12,0,0]} 1. e4 c5 2. Ne2 d6 3. g3 Nf6 4. Bg2 Nc6 5. O-O e6 6. d4 cxd4 7. Nxd4 Qc7 8. Nc3 a6 9. Kh1 Be7 10. f4 O-O 11. Be3 Bd7 {LiveBook: 31 Games} 12. Nxc6 {B80: Sicilian Scheveningen: 6 g3 and 6 Be3, including English Attack} (12. Nb3 $14 b5 13. g4 b4 14. Na4 d5 15. Nb6 Rad8 16. exd5 Nxd5 17. Nxd5 exd5 18. Qf3 Na5 19. Nxa5 Qxa5 {½-½ (31) Guseinov,G (2609)-Mchedlishvili,M (2656) Tbilisi 2012}) 12... Bxc6 13. Qe2 $146 ({Predecessor:} 13. g4 Rfe8 14. g5 Nd7 15. Rf3 b5 16. Rh3 b4 17. Qh5 Nf8 18. Ne2 Qb7 19. Ng3 g6 {½-½ (48) Rabatin,J (2281)-Oberhofer,C (2091) Pardubice 2016}) 13... b5 14. a3 Qb7 15. e5 (15. Bd4 $11) 15... Ng4 16. Rg1 Nxe3 17. Qxe3 dxe5 18. fxe5 Rac8 19. Ne4 Bd5 20. c3 Qc7 21. Rge1 ({White should play} 21. Qf4 $15) 21... Qxe5 22. Rad1 Qc7 23. Rd2 Rfd8 24. Rde2 Bc4 25. Rf2 f5 26. Qf3 fxe4 27. Qf7+ Kh8 28. Bxe4 Bd5 29. Bxd5 Rxd5 30. Qxe6 Rd7 31. Rf7 Qb7+ 32. Re4 Re8 33. Qe5 Rd1+ 34. Kg2 Rd2+ 35. Kh3 Qd7+ 36. Rg4 {[#]} Rxh2+ $1 37. Kxh2 Qxg4 $11 38. Qxe7 Qe2+ 39. Qxe2 Rxe2+ 40. Kh3 Kg8 41. Ra7 Rxb2 42. Rxa6 Rb3 43. a4 bxa4 44. Rxa4 Rxc3 45. Ra7 h6 46. Rb7 Kh7 47. Rb6 1/2-1/2

[Event "Leiden Chess Tournament"]
[Site "Leiden"]
[Date "2017.07.16"]
[Round "3"]
[White "Koes, Richard"]
[Black "Le Clercq, Maxim"]
[Result "1/2-1/2"]
[WhiteElo "1818"]
[BlackElo "1906"]
[Annotator "NA"]
[PlyCount "107"]
[EventDate "2017.??.??"]
[EventCountry "NED"]
[SourceTitle "playchess.com"]
[Source "ChessBase"]
[SourceQuality "1"]
[TimeControl "40/5400+30:1800+30"]

{[%evp 8,87,41,45,45,39,37,32,60,29,86,64,66,-12,-35,-45,-26,-40,36,19,42,28,51,38,41,36,41,-12,49,-47,-16,-57,-22,-66,32767,32767,32767,32767,32767,-85,-97,-183,32767,-360,-256,-455,32767,32767,32767,32767,32767,32767,32767,0,0,-64,-87,0,32767,32767,32767,-216,-208,-500,32767,32767,32767,32767,32767,32767,32767,32767,32767,-272,-308,32767,-305,-518,-98,-101,-97,-87]} 1. e4 Nc6 2. d4 d5 3. e5 f6 4. f4 {B00: Queen's Fianchetto Defence, Nimzowitsch Defence} Nh6 {LiveBook: 7 Games} (4... Bf5 5. Nf3 Qd7 6. c3 Nh6 7. Be3 e6 8. Nbd2 Be7 9. Be2 O-O 10. h3 fxe5 11. fxe5 Bg6 12. O-O Nf5 {1-0 (41) Bocharov,D (2560)-Schneider,I (2481) Berlin 2015}) 5. Nf3 Bf5 6. Bd3 e6 7. c3 Be4 8. Qe2 f5 9. Ng5 Qd7 10. Nxe4 $146 (10. O-O $14) ({Predecessor:} 10. Nd2 O-O-O 11. a4 Bxd3 12. Qxd3 Ng8 {1-0 (32) Cespedes,C (2094)-Montoya Perez,J (1928) Cartagena 2016}) 10... fxe4 11. Bb5 a6 12. Ba4 b5 ({Better is} 12... Nf5 $15) 13. Bc2 Be7 14. Qh5+ Kd8 15. a4 b4 16. a5 Na7 17. O-O (17. Ba4 $5 {[%cal Ra4d7]} c6 18. g4 $11) 17... Nb5 (17... Nf5 $11) 18. Ba4 (18. g4 $1 $14) 18... Nf5 19. Qe2 c5 20. Be3 ({Better is} 20. dxc5 $11 Bxc5+ 21. Kh1) 20... Qa7 21. Kh1 cxd4 22. Bxd4 Nbxd4 23. cxd4 Qxd4 24. Rc1 (24. Nd2 $17) 24... e3 25. b3 (25. Qc2 {was necessary.} Qa7 26. g4) 25... Bc5 ({Not} 25... Qxa1 26. Qc2 $16) 26. Ra2 Ke7 27. Bc6 Ra7 28. Rac2 Qxf4 29. Rxc5 Qxe5 30. Nd2 $1 Qb2 31. R5c2 (31. R1c2 $1 $11 Nd4 32. Qxe3 Nxc2 {[#]} 33. Rxc2 $1 {[%mdl 512]} Qxc2 34. Qxa7+ Kf6 35. Qf2+ Ke7 36. Qa7+ Kf6 37. Qf2+ Ke7 38. Qa7+) 31... exd2 32. Qxd2 Qd4 33. Qg5+ Qf6 34. Qg4 (34. Qd2 $17 {only move.}) 34... Nd4 {[#]} 35. Rd2 $2 (35. Rf2 $3 {[%mdl 512] only move.} Qxf2 36. Qxg7+ Kd6 37. Qxa7) 35... Nxc6 36. h3 h5 37. Qe2 Ne5 38. Qe3 Rd7 39. Qc5+ Ke8 40. Qc8+ Qd8 41. Qxa6 Ke7 42. Re2 $2 (42. Re1 Rd6 43. Qe2) 42... Qa8 $2 (42... Qb8 $19 {has better winning chances.} 43. Ree1 Rf8) 43. Qb6 Qb8 44. Qe3 $17 Ng4 45. Qxe6+ Kd8 46. g3 Qd6 47. hxg4 hxg4+ 48. Kg2 Qxe6 49. Rxe6 Re8 50. Rxe8+ Kxe8 51. Rc8+ Ke7 52. Rb8 Ra7 53. Rxb4 Rxa5 54. Rxg4 1/2-1/2